000 00378 a2200169 4500
001 69389
020 _a8526250884
040 _cAnchieta - Itaigara
100 _aPuech, Michel
240 1 0 _aOs meninos e as meninas
_lpor
245 1 0 _aOs meninos e as meninas
300 _a40
362 0 _a2004
440 1 _aScipione
650 4 _aLiteratura infanto-juvenil
942 _cBK
999 _c69389
_d69389